|
|
|
|
| LEADER |
00980cam a2200217 a 4500 |
| 001 |
c000228303 |
| 003 |
CARM |
| 005 |
20061219161956.0 |
| 008 |
920907s1961 miua 000 0 eng d |
| 019 |
1 |
|
|a 9265210
|5 LACONCORD2021
|
| 035 |
|
|
|a (OCoLC)5159226
|5 LACONCORD2021
|
| 040 |
|
|
|a VU
|b eng
|c VU
|d VU
|d VCAV
|
| 245 |
0 |
0 |
|a General motors automotive engine test code for four cycle spark ignition engines /
|c prepared by the Engine Test Code Subcommittee of the General Technical Committee.
|
| 250 |
|
|
|a 5th ed.
|
| 260 |
|
|
|a Detroit, Mich. :
|b General Motors,
|c 1961.
|
| 300 |
|
|
|a iii, 169 p. :
|b ill. ;
|c 29 cm.
|
| 650 |
|
0 |
|a Automobiles
|x Motors.
|
| 710 |
2 |
|
|a General Motors Corporation.
|b General Technical Committee.
|b Engine Test Code Subcommittee.
|
| 852 |
8 |
|
|b CARM
|h A2:AJ22H0
|i F01363
|p 0274300
|f BK
|
| 999 |
f |
f |
|i 16eb4388-1787-5d2a-8b0d-9e0511308260
|s acac3753-af95-5790-892b-cf9f7cfef387
|
| 952 |
f |
f |
|p Can circulate
|a CAVAL
|b CAVAL
|c CAVAL
|d CARM 1 Store
|e F01363
|f A2:AJ22H0
|h Other scheme
|i book
|m 0274300
|